[Event "GER-chT U16"]
[Site "Kiel"]
[Date "2022.07.24"]
[Round "3.6"]
[White "Berresheim, Nils"]
[Black "Guenther, Fabian"]
[Result "1-0"]
[WhiteElo "1730"]
[BlackElo "1485"]
[PlyCount "63"]
[EventDate "2022.07.22"]
[EventType "team-swiss"]
[EventRounds "7"]
[EventCountry "GER"]
[SourceTitle "CBM 209 Extra"]
[Source "ChessBase"]
[SourceDate "2022.09.30"]
[SourceVersion "1"]
[SourceVersionDate "2022.09.30"]
[SourceQuality "1"]
[WhiteTeam "Essen Katernberg"]
[BlackTeam "Dresden TU"]
[WhiteTeamCountry "GER"]
[BlackTeamCountry "GER"]

1. d4 Nf6 2. c4 e6 3. Nf3 b6 4. g3 Bb7 5. Bg2 d5 6. cxd5 Nxd5 7. 0-0 Be7 8. Re1 0-0 9. e4 Nf6 10. Nc3 Nbd7 11. Qc2 h6 12. h3 c5 13. Be3 cxd4 14. Bxd4 Bc5 15. Rad1 Qe7 16. e5 Nd5 17. Ne4 Rac8 18. Qb1 Bb4 19. Re2 Ba6 20. Rc2 Nc5 21. a3 Nxe4 22. Rxc8 Rxc8 23. Qxe4 Bc5 24. Nd2 Qg5 25. b4 Bxd4 26. Qxd4 Nc3 27. Ne4 Ne2+ 28. Kh2 Nxd4 29. Nxg5 hxg5 30. Rxd4 Rc2 31. Rd8+ Kh7 32. Be4+ 1-0

[Event "GER-chT U14"]
[Site "Magdeburg"]
[Date "2019.12.30"]
[Round "7.9"]
[White "Guenther, Fabian"]
[Black "Kittel, Lennart"]
[Result "0-1"]
[WhiteElo "1499"]
[BlackElo "1493"]
[PlyCount "96"]
[EventDate "2019.12.27"]
[EventType "team-swiss"]
[EventRounds "7"]
[EventCountry "GER"]
[SourceTitle "CBM 194 Extra"]
[Source "ChessBase"]
[SourceDate "2020.03.31"]
[SourceVersion "1"]
[SourceVersionDate "2020.03.31"]
[SourceQuality "1"]
[WhiteTeam "Dresden TU"]
[BlackTeam "Goeppingen"]
[WhiteTeamCountry "GER"]
[BlackTeamCountry "GER"]

1. d4 Nf6 2. c4 e6 3. Nc3 d5 4. Bg5 c6 5. cxd5 cxd5 6. e3 Be7 7. Bd3 0-0 8. Nf3 Nc6 9. a3 Bd7 10. Qd2 Rc8 11. 0-0 Ne8 12. Bxe7 Nxe7 13. e4 dxe4 14. Bxe4 Nd6 15. Ne5 Rxc3 16. Bxh7+ Kxh7 17. Qxc3 Nc6 18. f4 Nf5 19. Nxc6 Bxc6 20. Rad1 Qd5 21. Rd2 Rd8 22. Rfd1 Ba4 23. Re1 Nxd4 24. Kf2 Bc6 25. Qh3+ Kg8 26. Red1 Qe4 27. Qg3 Rd5 28. Re1 Nf5 29. Rxd5 Qc2+ 30. Re2 Qxe2+ 31. Kxe2 Nxg3+ 32. Kf3 Bxd5+ 33. Kxg3 Kh7 34. Kf2 Kg6 35. g4 f6 36. h4 f5 37. g5 Kh5 38. Kg3 Bb3 39. Kh3 a5 40. Kg3 a4 41. Kh3 Bd1 42. Kg3 Bg4 43. Kf2 Kxh4 44. Ke3 Kg3 45. Kd4 Kxf4 46. Kc5 Bf3 47. g6 Kg5 48. Kb4 Bc6 0-1

[Event "GER-chT U14"]
[Site "Magdeburg"]
[Date "2019.12.29"]
[Round "5.9"]
[White "Guenther, Fabian"]
[Black "Zwecker, Hagen"]
[Result "1/2-1/2"]
[WhiteElo "1499"]
[BlackElo "1480"]
[PlyCount "100"]
[EventDate "2019.12.27"]
[EventType "team-swiss"]
[EventRounds "7"]
[EventCountry "GER"]
[SourceTitle "CBM 194 Extra"]
[Source "ChessBase"]
[SourceDate "2020.03.31"]
[SourceVersion "1"]
[SourceVersionDate "2020.03.31"]
[SourceQuality "1"]
[WhiteTeam "Dresden TU"]
[BlackTeam "Walldorf"]
[WhiteTeamCountry "GER"]
[BlackTeamCountry "GER"]

1. d4 d5 2. c4 e6 3. cxd5 exd5 4. Nc3 Nf6 5. f3 Bb4 6. Bf4 c5 7. e3 Nc6 8. a3 Bxc3+ 9. bxc3 0-0 10. Bd3 Re8 11. Qd2 c4 12. Bc2 b5 13. Ne2 a5 14. Ng3 a4 15. 0-0 Na5 16. Rfe1 Nb3 17. Bxb3 axb3 18. Bg5 Qb6 19. Bxf6 Qxf6 20. e4 Bb7 21. exd5 Rxe1+ 22. Rxe1 Bxd5 23. Qb2 g6 24. Re5 Bc6 25. Ne4 Bxe4 26. fxe4 Qa6 27. Kf2 Qxa3 28. Qxa3 Rxa3 29. Rxb5 Ra2+ 30. Kf3 Rc2 31. d5 Rxc3+ 32. Kf4 f6 33. e5 fxe5+ 34. Kxe5 Rd3 35. Rb4 Kf7 36. Rxc4 b2 37. Rb4 Rd2 38. Rb7+ Ke8 39. d6 Rxg2 40. Rb8+ Kd7 41. Rb7+ Kc6 42. d7 Kxb7 43. d8Q Re2+ 44. Kf6 b1Q 45. Qd7+ Ka8 46. Qd8+ Qb8 47. Qa5+ Qa7 48. Qd8+ Kb7 49. Qd7+ Kb6 50. Qd4+ Kb7 1/2-1/2

[Event "GER-chT U14"]
[Site "Magdeburg"]
[Date "2018.12.29"]
[Round "5.4"]
[White "Ho, Ngoc Hai Dang"]
[Black "Guenther, Fabian"]
[Result "1/2-1/2"]
[WhiteElo "1719"]
[BlackElo "1485"]
[PlyCount "81"]
[EventDate "2018.12.27"]
[EventType "team-swiss"]
[EventRounds "7"]
[EventCountry "GER"]
[SourceTitle "CBM 188 Extra"]
[Source "ChessBase"]
[SourceDate "2019.02.26"]
[SourceVersion "1"]
[SourceVersionDate "2019.02.26"]
[SourceQuality "1"]
[WhiteTeam "Berlin Mattnetz"]
[BlackTeam "Dresden TU"]
[WhiteTeamCountry "GER"]
[BlackTeamCountry "GER"]

1. e4 c5 2. Nf3 Nc6 3. d4 cxd4 4. Nxd4 e5 5. Nb5 d6 6. N1c3 a6 7. Na3 b5 8. Nd5 Nf6 9. Bg5 Be7 10. Bxf6 Bxf6 11. c3 0-0 12. Be2 Bg5 13. 0-0 f5 14. f3 fxe4 15. fxe4 Rxf1+ 16. Bxf1 Bb7 17. Nc2 Ne7 18. Ncb4 Nxd5 19. Nxd5 Rc8 20. a4 Qd7 21. axb5 axb5 22. Qb3 Qf7 23. Qxb5 Rc5 24. Qb3 Bxd5 25. exd5 Rc8 26. c4 e4 27. Be2 Rf8 28. Qg3 e3 29. Rf1 Qe7 30. Rxf8+ Kxf8 31. b4 Bf6 32. Qe1 Bd4 33. b5 Bc5 34. Qf1+ Qf7 35. Qe1 Qf2+ 36. Qxf2+ exf2+ 37. Kf1 Ke7 38. g4 Kf6 39. Kg2 h6 40. Kf3 Ke5 41. Bf1 1/2-1/2

[Event "GER-chT U12"]
[Site "Magdeburg"]
[Date "2017.12.27"]
[Round "1.3"]
[White "Guenther, Fabian"]
[Black "Roell, Lea"]
[Result "1/2-1/2"]
[WhiteElo "1404"]
[BlackElo "1208"]
[PlyCount "73"]
[EventDate "2017.12.26"]
[EventType "team-swiss"]
[EventRounds "7"]
[EventCountry "GER"]
[SourceTitle "CBM 182 Extra"]
[Source "ChessBase"]
[SourceDate "2018.02.23"]
[SourceVersion "1"]
[SourceVersionDate "2018.02.23"]
[SourceQuality "1"]
[WhiteTeam "Dresden TU"]
[BlackTeam "Vaterstetten"]
[WhiteTeamCountry "GER"]
[BlackTeamCountry "GER"]

1. d4 c6 2. c4 d5 3. Nc3 Nf6 4. Nf3 Bf5 5. e3 e6 6. Bd2 Be7 7. Be2 0-0 8. 0-0 Nbd7 9. c5 b6 10. b4 b5 11. a4 a6 12. axb5 axb5 13. Rxa8 Qxa8 14. Qa1 h6 15. h3 Rb8 16. Qb2 Rb7 17. Ra1 Ra7 18. Rxa7 Qxa7 19. Qa2 Qxa2 20. Nxa2 Ne4 21. Be1 f6 22. Bd3 g5 23. Nc1 Nb8 24. Nd2 Na6 25. Nxe4 dxe4 26. Bb1 Bd8 27. Ba2 Kf7 28. Kf1 Bc7 29. g4 Bh7 30. Bb1 f5 31. f3 exf3 32. gxf5 exf5 33. Kf2 Bg6 34. Kxf3 h5 35. e4 f4 36. Ne2 Ke7 37. Bc2 1/2-1/2

[Event "GER-chT U12"]
[Site "Magdeburg"]
[Date "2016.12.27"]
[Round "2.3"]
[White "Mueller, Magnus"]
[Black "Guenther, Fabian"]
[Result "0-1"]
[WhiteElo "1513"]
[BlackElo "1255"]
[PlyCount "116"]
[EventDate "2016.12.27"]
[EventType "team-swiss"]
[EventRounds "7"]
[EventCountry "GER"]
[SourceTitle "EXT 2018"]
[Source "ChessBase"]
[SourceDate "2017.10.13"]
[SourceVersion "1"]
[SourceVersionDate "2017.10.13"]
[SourceQuality "1"]
[WhiteTeam "Gera"]
[BlackTeam "Dresden TU"]
[WhiteTeamCountry "GER"]
[BlackTeamCountry "GER"]

1. e4 c5 2. d4 cxd4 3. c3 e5 4. Nf3 Nc6 5. Bc4 Bc5 6. Ng5 Nh6 7. Qh5 0-0 8. Bxf7+ Rxf7 9. Nxf7 Nxf7 10. 0-0 d6 11. a3 a6 12. Kh1 g6 13. Qf3 b5 14. Qg3 Qe7 15. f4 Kh8 16. f5 g5 17. f6 Qe6 18. Bxg5 Nxg5 19. Qxg5 Qf7 20. Nd2 Bb7 21. Rf3 Rg8 22. Qf5 Bc8 23. Raf1 Bxf5 24. Rxf5 Nb8 25. Nf3 h6 26. h3 Nd7 27. g4 dxc3 28. bxc3 Be3 29. Rd1 Nc5 30. Rxd6 Nxe4 31. Nxe5 Qf8 32. f7 Ng3+ 33. Kh2 Nxf5 34. fxg8Q+ Qxg8 35. Ng6+ Kh7 36. gxf5 Qb8 37. Nf8+ Qxf8 38. Rd7+ Kg8 39. Rd3 Qb8+ 40. Kg2 Qb7+ 41. Kg3 Qg7+ 42. Kf3 Qg5 43. Rxe3 Qxf5+ 44. Kg2 Qc5 45. Rg3+ Kf7 46. Rf3+ Ke6 47. Kg3 Qg1+ 48. Kf4 Qg5+ 49. Ke4 Qe5+ 50. Kd3 Qd5+ 51. Ke2 Qa2+ 52. Kd3 Qxa3 53. Re3+ Kd5 54. Re4 Qxc3+ 55. Kxc3 Kxe4 56. Kb4 Kf4 57. Ka5 Kg3 58. Kxa6 b4 0-1

[Event "GER-chT U10"]
[Site "Magdeburg"]
[Date "2015.12.29"]
[Round "7.4"]
[White "Guenther, Fabian"]
[Black "Huber, Jakob"]
[Result "1-0"]
[WhiteElo "1124"]
[BlackElo "851"]
[PlyCount "93"]
[EventDate "2015.12.27"]
[EventType "team-swiss"]
[EventRounds "7"]
[EventCountry "GER"]
[SourceTitle "EXT 2017"]
[Source "ChessBase"]
[SourceDate "2016.10.25"]
[SourceVersion "1"]
[SourceVersionDate "2016.10.25"]
[SourceQuality "1"]
[WhiteTeam "Dresden TU"]
[BlackTeam "Muenchen Suedost"]
[WhiteTeamCountry "GER"]
[BlackTeamCountry "GER"]

1. d4 e6 2. c4 b6 3. e4 Bb7 4. Nc3 Bb4 5. Bd3 Nf6 6. d5 e5 7. a3 Bxc3+ 8. bxc3 d6 9. Nf3 Nbd7 10. 0-0 0-0 11. Be3 Nc5 12. Bxc5 bxc5 13. Qb3 Rb8 14. Rab1 Qc8 15. Qc2 Ba6 16. Qa4 Bb7 17. Rb5 a6 18. Rbb1 Ra8 19. Qb3 Rb8 20. Qc2 Re8 21. Rb3 a5 22. a4 Ba6 23. Rfb1 Rxb3 24. Rxb3 c6 25. Rb6 Bb7 26. Qb2 Re7 27. Nd2 cxd5 28. cxd5 Kf8 29. Ba6 Bxa6 30. Rb8 Re8 31. Rxc8 Rxc8 32. Qb6 Bd3 33. Qxd6+ Kg8 34. Qxe5 Re8 35. Qc7 Nxe4 36. Nxe4 Bxe4 37. Qxc5 Bxd5 38. h3 h6 39. Qxd5 Rc8 40. Qxa5 Rf8 41. c4 Rc8 42. c5 Rf8 43. c6 Rc8 44. c7 Rf8 45. Qb6 Rc8 46. Qb8 Rxb8 47. cxb8Q+ 1-0

[Event "GER-chT U10"]
[Site "Magdeburg"]
[Date "2015.12.28"]
[Round "5.4"]
[White "Guenther, Fabian"]
[Black "Rajchel, Arian"]
[Result "1-0"]
[WhiteElo "1124"]
[BlackElo "1025"]
[PlyCount "49"]
[EventDate "2015.12.27"]
[EventType "team-swiss"]
[EventRounds "7"]
[EventCountry "GER"]
[SourceTitle "EXT 2017"]
[Source "ChessBase"]
[SourceDate "2016.10.25"]
[SourceVersion "1"]
[SourceVersionDate "2016.10.25"]
[SourceQuality "1"]
[WhiteTeam "Dresden TU"]
[BlackTeam "Erfurt Empor"]
[WhiteTeamCountry "GER"]
[BlackTeamCountry "GER"]

1. d4 d5 2. c4 e6 3. Nc3 Nf6 4. e3 Be7 5. Nf3 Nbd7 6. Bd2 0-0 7. Bd3 c5 8. Qb3 b6 9. cxd5 exd5 10. Nxd5 Bb7 11. Nxe7+ Qxe7 12. Be2 cxd4 13. Bb4 Nc5 14. Bxc5 bxc5 15. Rc1 Rac8 16. 0-0 Rfd8 17. Nd2 dxe3 18. Nc4 exf2+ 19. Rxf2 Bd5 20. Bf3 Bxf3 21. Qxf3 Rd4 22. Na5 Qc7 23. Nb3 Rf4 24. Qxf4 Qxf4 25. Rxf4 1-0